|
|
|
|
| LEADER |
00000naa2a2200000 4500 |
| 001 |
618328 |
| 005 |
20231102023728.0 |
| 035 |
|
|
|a (RuTPU)RU\TPU\conf\16710
|
| 035 |
|
|
|a RU\TPU\conf\16709
|
| 090 |
|
|
|a 618328
|
| 100 |
|
|
|a 20160531d2016 k y0rusy50 ca
|
| 101 |
0 |
|
|a rus
|
| 102 |
|
|
|a RU
|
| 105 |
|
|
|a y z 101zy
|
| 135 |
|
|
|a drcn ---uucaa
|
| 181 |
|
0 |
|a i
|
| 182 |
|
0 |
|a b
|
| 200 |
1 |
|
|a Использование беспилотных летательных аппаратов в сельском хозяйстве
|f М. С. Платонов, А. А. Сергейченко
|g науч. рук. О. Ю. Ретюнский
|
| 203 |
|
|
|a Текст
|c электронный
|
| 225 |
1 |
|
|a Современные технологии обработки материалов в машиностроении
|
| 230 |
|
|
|a 1 компьютерный файл (pdf; 292 Кb)
|
| 300 |
|
|
|a Заглавие с титульного экрана
|
| 320 |
|
|
|a [Библиогр.: с. 248 (5 назв.)]
|
| 461 |
|
1 |
|0 (RuTPU)RU\TPU\conf\16596
|t Прогрессивные технологии и экономика в машиностроении
|o сборник трудов VII Всероссийской научно-практической конференции для студентов и учащейся молодежи, г. Юрга, 7-9 апреля 2016 г.
|o в 2 т.
|f Национальный исследовательский Томский политехнический университет (ТПУ), Юргинский технологический институт (ЮТИ) ; под ред. Д. А. Чинахова
|d 2016
|
| 463 |
|
1 |
|0 (RuTPU)RU\TPU\conf\16598
|t Т. 1
|v [С. 246-248]
|d 2016
|
| 610 |
1 |
|
|a труды учёных ТПУ
|
| 610 |
1 |
|
|a электронный ресурс
|
| 610 |
1 |
|
|a беспилотные летательные аппараты
|
| 610 |
1 |
|
|a GPS
|
| 610 |
1 |
|
|a ГЛОНАСС
|
| 610 |
1 |
|
|a гироскопы
|
| 610 |
1 |
|
|a акселерометры
|
| 700 |
|
1 |
|a Платонов
|b М. С.
|
| 701 |
|
1 |
|a Сергейченко
|b А. А.
|
| 702 |
|
1 |
|a Ретюнский
|b О. Ю.
|c специалист в области машиностроения
|c доцент, заведующий кафедрой Юргинского технологического института Томского политехнического университета, кандидат технических наук
|f 1969-
|g Олег Юрьевич
|2 stltpush
|4 727
|9 10739
|
| 712 |
0 |
2 |
|a Национальный исследовательский Томский политехнический университет (ТПУ)
|b Юргинский технологический институт (филиал) (ЮТИ)
|b Кафедра технологии машиностроения (ТМС)
|h 356
|2 stltpush
|3 (RuTPU)RU\TPU\col\18902
|
| 801 |
|
2 |
|a RU
|b 63413507
|c 20160629
|g RCR
|
| 856 |
4 |
|
|u http://earchive.tpu.ru/handle/11683/26402
|
| 942 |
|
|
|c BK
|